Statistiques concernant Personnages de l'univers de Mario par Emojis

Cliquez ici pour prendre le quiz!

Statistiques générales

  • Ce quiz a été pris 2 667 fois
  • Le résultat moyen est 7 sur 10

Statistiques - réponses

EmojisJeux% Correct
Mario
100%
Princesse Peach
93%
Donkey Kong
92%
Yoshi
88%
Bowser
76%
Harmonie
68%
Roi Boo
67%
Wario
66%
Skelerex
35%
Professeur K. Tastroff
14%

Distribution des résultats

Percentile par nombre de réponses

% des personnes avec chaque résultat

Votre développement - résultats

Vous n’avez pas pris ce quiz